Văn hoá Việt Nam : Nhìn từ mẫu người văn hoá /

Guardat en:
Dades bibliogràfiques
Autor principal: Đỗ Lai Thuý.
Format: Sách giấy
Idioma:Vietnamese
Publicat: H. : Văn hoá - Thông tin, 2005.
Matèries:
Etiquetes: Afegir etiqueta
Sense etiquetes, Sigues el primer a etiquetar aquest registre!
Thư viện lưu trữ: Thư viện Trường Đại học Đà Lạt
LEADER 00758nam a2200301 4500
001 DLU110127863
005 ##20111110
040 # # |a DLU  |b vie 
041 # # |a vie 
044 # # |a vn 
082 # # |a 306.089 959 2  |b DO-T 
100 # # |a Đỗ Lai Thuý. 
245 # # |a Văn hoá Việt Nam :  |b Nhìn từ mẫu người văn hoá /  |c Đỗ Lai Thuý. 
260 # # |a H. :  |b Văn hoá - Thông tin,  |c 2005. 
300 # # |a 498 tr. ;  |c 21 cm. 
504 # # |a Tài liệu tham khảo: tr.493. 
651 # # |a Việt Nam  |x Văn minh. 
923 # # |a 01/2011LS 
991 # # |a SH 
992 # # |a 60000 
994 # # |a KLS 
900 # # |a True 
911 # # |a Đào Thị Thu Huyền 
925 # # |a G 
926 # # |a A 
927 # # |a SH 
980 # # |a Thư viện Trường Đại học Đà Lạt